| 000 | 00749cam a2200253 a 4500 | ||
|---|---|---|---|
| 008 | |||
| 020 | _a1558284265 (pbk.) | ||
| 049 | _aMAIN | ||
| 090 |
_aQA76.76 _bVOL |
||
| 100 | 1 | _aVolkerding, Patrick. | |
| 245 | 1 | 0 |
_aLinux: configuration and installation / _cPatrick Volkerding, Kevin Reichard, and Eric F. Johnson. |
| 250 | _a1st ed. | ||
| 260 |
_aNew York : _bMIS:Press, _c1995. |
||
| 300 |
_axv, 463 p. : _bill. ; _c24 cm. |
||
| 650 | 0 | _aOperating systems (Computers) | |
| 630 | 0 | 0 | _aLinux. |
| 700 | 1 | _aReichard, Kevin. | |
| 700 | _aFoster-Johnson, Eric. | ||
| 907 |
_a.b10359424 _b31-08-15 _c26-08-15 |
||
| 003 | |||
| 005 | 20230123122142.0 | ||
| 040 | _cNUST | ||
| 942 |
_cBOOKS _kQA76.76 _mVOL |
||
| 999 |
_c128705 _d128705 |
||